Cuatro historiadores de Indias : siglo XVI (notice nᵒ 2937)
[ vue normale ]
| 000 -Sello discográfico | |
|---|---|
| campo de control de longitud fija | 01206nam a2200337 4500 |
| 005 - Identificación de versión | |
| campo de control | 20251017062844.0 |
| 035 ## - Otros números de control del sistema | |
| Número de control del sistema | 24330 |
| 099 ## - fechas locales | |
| Tipo de ítem Koha | LIBRO |
| 100 ## - Datos de procesamiento general | |
| Datos de procesamiento general | 19980302d1972 m y1spay5003 ba |
| 105 ## - Campo de datos codificados: Material textual, monográfico | |
| Datos codificados de monografía | y 001zy |
| 200 1# - Título y mención de responsabilidad | |
| Título propio | Cuatro historiadores de Indias : siglo XVI |
| Designación general del material | texto impreso |
| Otra información del título | Pedro Mártir de Anglería, Gonzalo Fernández de Oviedo y Valdés, Fray Bartolomé de las Casas, Joseph de Acosta |
| Primer mención de responsabilidad | Edmundo O'Gorman |
| 205 ## - Declaración de edición | |
| Declaración de edición | 1a ed |
| 210 ## - Publicación, distribución, etc. | |
| Lugar de publicación, distribución, etc. | México |
| Nombre del editor, distribuidor, etc. | Secretaría de Educación Pública |
| Fecha de publicación, distribución, etc. | 1972 |
| 215 ## - Descripción física | |
| Designación de material específico y extensión del ítem | 251 p |
| Dimensiones | 17 cm |
| 320 ## - Nota de índices/bibliografías internas | |
| Texto de la nota | Incluye referencias bibliográficas |
| 345 ## - Nota de información de adquisición | |
| Fuente de adquisición/dirección de la suscripción [OBSOLETO] | Donación |
| 410 #1 - Series | |
| Título | SepSetentas |
| Número de volumen | 51 |
| 606 ## - Término temático usado como materia | |
| Elemento de entrada | Historiografía |
| Número Koha | 1805 |
| 606 ## - Término temático usado como materia | |
| Elemento de entrada | Iglesia católica en México |
| Número Koha | 100 |
| 606 ## - Término temático usado como materia | |
| Elemento de entrada | Indios de México |
| Subdivisión temática | Misiones |
| Número Koha | 1808 |
| 607 ## - Nombre geográfico utilizado como tema | |
| Elemento de entrada | México |
| Subdivisión temática | Historia |
| Subdivisión cronológica | Colonia, 1540-1810 |
| Número Koha | 605 |
| 660 ## - Código de área geográfica | |
| Código | MX |
| 700 ## - Nombre personal - Responsabilidad primaria | |
| Elemento de entrada | O'Gorman |
| Parte del nombre distinta del elemento de entrada | Edmundo |
| Fechas | 1906-1995 |
| Número Koha | 2079 |
| 801 #0 - Fuente de origen | |
| País | FR |
| Agencia | cm |
| Reglas de catalogación (convenciones descriptivas) | AFNOR |
| 900 ## - | |
| -- | 1/16293 |
| 900 ## - | |
| -- | 710987864\\020398 |
| 942 ## - ELEMENTOS DE ENTRADA SECUNDARIOS (KOHA) | |
| Tipo de ítem Koha | Livre |
| 996 ## - | |
| -- | MEX |
| -- | 751145101 |
| -- | MMAG |
| -- | 002179 |
| -- | 082 S479 V.51 |
| -- | 20120229LIV |
| Estatus retirado | Estado de daño | Estado de pérdida | Fecha de adquisición | Biblioteca de origen | Biblioteca actual | Ubicación en estantería | Código de barras | Precio de reemplazo | Signatura topográfica completa | No para préstamo | Tipo de ítem Koha | Nota pública | Nota no pública |
|---|---|---|---|---|---|---|---|---|---|---|---|---|---|
| 05/08/2025 | Casa México Paris | Casa México Paris | 002179 | 05/08/2025 | 082 S479 V.51 | Livre | 20120229LIV | 751145101 |